Ekonomický vývoj v Kórejskej republike

Ekonomika Kórejskej republiky patrí k tzv. ázijským tigrom. Od 60. rokov 20. storočia zaznamenáva vysoké prírastky HDP, popri kvantitatívnom raste zaznamenala kórejská ekonomika i významné kvalitatívne štrukturálne zmeny. Napriek tomu koncom 90. rokov 20. stor. - vznik finančnej, menovej a následne...

Descrizione completa

Salvato in:
Dettagli Bibliografici
Autore principale: Lipková, Ľudmila
Altri autori: Lipková, Katarína, 1976-
Natura: Capitolo di libro
Lingua:slovacco
Soggetti:
Tags: Aggiungi Tag
Nessun Tag, puoi essere il primo ad aggiungerne!!

MARC

LEADER 00000naa$a2200000$$$4500
001 0037300
005 20240502071455.5
041 0 |a slo 
044 |a SK 
245 1 0 |a Ekonomický vývoj v Kórejskej republike  |c Ľudmila Lipková, Katarína Lipková 
520 |a Ekonomika Kórejskej republiky patrí k tzv. ázijským tigrom. Od 60. rokov 20. storočia zaznamenáva vysoké prírastky HDP, popri kvantitatívnom raste zaznamenala kórejská ekonomika i významné kvalitatívne štrukturálne zmeny. Napriek tomu koncom 90. rokov 20. stor. - vznik finančnej, menovej a následne ekonomickej krízy, z ktorej sa však krajina vedela dostatočne rýchlo vymaniť. V súčasnosti vláda realizuje plán ekonomického rozvoja , ktorý má viesť k zvýšeniu HDP. 
610 2 0 |a Kórea 
610 2 0 |a situácia hospodárska 
610 2 0 |a produkt domáci hrubý 
100 1 |a Lipková, Ľudmila 
700 1 |a Lipková, Katarína, 1976-